000 01033nam a2200265 i 4500
001 bg
100 1 _aMALINOWSKI, Zbigniew
245 1 0 _aNumeryczne modele w przeróbce plastycznej i wymianie ciepła /
_cZbigniew Malinowski.
260 _aKraków :
_bAGH Uczelniane Wydawnictwa Naukowo-Dydaktyczne,
_c2005.
300 _a256 s. :
_brys., wykr. ;
_c24 cm.
504 _aBibliogr. przy rozdz.
650 9 _aAnaliza numeryczna
_xstosowanie
_xtechnika
650 9 _aMetale
_xobróbka plastyczna
_xmodele matematyczne
650 9 _aPrzewodnictwo cieplne
_xmodele matematyczne
650 9 _aSymulacja
_xstosowanie
_xtechnika
655 _aPodręczniki akademickie
020 _a8389388987
040 _cBPK
041 0 _apol
080 _a621.77:536.7:519.61/.64:519.86:004.94](075.8)
920 _a83-89388-98-7
942 _cKS
008 s pl f |000 0 pol
999 _c52853
_d52853
856 _uhttp://koha.tu.koszalin.pl/cgi-bin/koha/opac-detail.pl?biblionumber=52853
_yKatalog online BPK